00358nam a22001457a 450000500170000000800410001702000210005804100080007908200100008710000270009724500330012426000230015730000080018065000240018820160701160615.0160701b xxu||||| |||| 00| 0 eng d a978-0-7-014478-1 aeng b20758 aGhosh SP & Chakraborty aNetwork Analysis & Synthesis bMc graw hillc2013 a959 aDiploma Engineering